000
00237nam a2200109Ia 4500
008
190216s9999||||xx |||||||||||||| ||und||
100
_a
Gupta R L
245
0
_a
Advanced Accountancy
260
_b
Null
_c
1978
300
_a
3175p
942
_c
BK
999
_c
4347
_d
4347